书目信息 |
| 题名: |
性健康十五讲
|
|
| 作者: | 胡佩诚 主编 | |
| 分册: | ||
| 出版信息: | 北京 北京大学出版社 2009.10 |
|
| 页数: | 311页 | |
| 开本: | 23cm | |
| 丛书名: | 名家通识讲座书系 | |
| 单 册: | ||
| 中图分类: | R167 | |
| 科图分类: | ||
| 主题词: | 性教育--xing jiao yu , 性卫生--xing wei sheng--基本知识 , 性卫生--xing wei sheng | |
| 电子资源: | ||
| ISBN: | 978-7-301-11242-7 | |
| 000 | 00959nam 2200277 450 | |
| 001 | 0109110027 | |
| 005 | 20201109110332.0 | |
| 010 | @a978-7-301-11242-7@dCNY40.00 | |
| 100 | @a20091202e20202009em y0chiy50 ea | |
| 101 | 0 | @achi |
| 102 | @aCN@b110000 | |
| 105 | @ay z 000yy | |
| 106 | @ar | |
| 200 | 1 | @a性健康十五讲@Axing jian kang shi wu jiang@f胡佩诚主编 |
| 210 | @a北京@c北京大学出版社@d2009.10@h2020.04 | |
| 215 | @a311页@d23cm | |
| 225 | 2 | @a名家通识讲座书系@Aming jia tong shi jiang zuo shu xi |
| 330 | @a本书从性的解剖开始,详细介绍了性健康的有关知识,并呈现了全球最新的研究成果,探讨了性健康的传统教育思想及对待性的正确态度的问题。 | |
| 461 | 0 | @12001 @a名家通识讲座书系 |
| 606 | 0 | @a性教育@Axing jiao yu |
| 606 | 0 | @a性卫生@Axing wei sheng@x基本知识 |
| 606 | 0 | @a性卫生@Axing wei sheng |
| 690 | @aR167@v5 | |
| 701 | 0 | @a胡佩诚@Ahu pei cheng@f(1947.10~)@4主编 |
| 801 | 0 | @aCN@bBJSZM@c20201103 |
| 905 | @b1264196-200@dR167@e283@f5 | |
| 性健康十五讲/胡佩诚主编.-北京:北京大学出版社,2009.10(2020.04) |
| 311页;23cm.-(名家通识讲座书系) |
| ISBN 978-7-301-11242-7:CNY40.00 |
| 本书从性的解剖开始,详细介绍了性健康的有关知识,并呈现了全球最新的研究成果,探讨了性健康的传统教育思想及对待性的正确态度的问题。 |
| ● |
| 相关链接 |
|
|
|
|
正题名:性健康十五讲
索取号:R167/283
 
预约/预借
| 序号 | 登录号 | 条形码 | 馆藏地/架位号 | 状态 | 备注 |
| 1 | 1264196 | 212641961 | 第二样本阅览室/ [索取号:R167/283] | 在馆 | |
| 2 | 1264197 | 212641970 | 教育系资料室/ [索取号:R167/283] | 在馆 | |
| 3 | 1264198 | 212641989 | 教育系资料室/ [索取号:R167/283] | 在馆 | |
| 4 | 1264199 | 212641998 | 第三借阅区/ [索取号:R167/283] | 在馆 | |
| 5 | 1264200 | 212642005 | 第三借阅区/ [索取号:R167/283] | 在馆 |